[Event "Madrid ch 2009 - Semifinal A"]
[Site "Madrid ESP"]
[Date "2009.01.28"]
[Round "9.7"]
[White "Pastor Alonso de Prado, Alberto"]
[Black "Cortes Jurado, Rafael"]
[Result "1-0"]
[WhiteElo "2137"]
[BlackElo "2050"]
[PlyCount "47"]
[EventDate "2009.01.12"]
[EventType "swiss"]
[EventRounds "9"]
[EventCountry "ESP"]
[Source "lmi"]
[SourceDate "2009.01.12"]

1. e4 c5 2. Nf3 e6 3. d4 cxd4 4. Nxd4 Nc6 5. Nc3 a6 6. Nxc6 bxc6 7. Bd3 d5 8.
O-O Nf6 9. Qf3 Bd6 10. Re1 Qc7 11. h3 d4 12. e5 dxc3 13. exd6 Qxd6 14. bxc3 O-O
15. c4 Bd7 16. Bb2 Qe7 17. Re5 Rfc8 18. Rg5 Kh8 19. Qg3 Rg8 20. Qh4 h6 21. c5
Rae8 22. Be5 Nh7 23. Qxh6 f5 24. Rh5 1-0

[Event "Madrid ch 2009 - Semifinal A"]
[Site "Madrid ESP"]
[Date "2009.01.28"]
[Round "9.8"]
[White "Andalon Gomez, Carlos J"]
[Black "Garcia Gutierrez, Jose"]
[Result "1-0"]
[WhiteElo "1999"]
[BlackElo "2060"]
[PlyCount "65"]
[EventDate "2009.01.12"]
[EventType "swiss"]
[EventRounds "9"]
[EventCountry "ESP"]
[Source "lmi"]
[SourceDate "2009.01.12"]

1. d4 d5 2. c4 c6 3. Nf3 Nf6 4. Nc3 e6 5. e3 Nbd7 6. Qc2 Bd6 7. g4 Nxg4 8. Rg1
Qf6 9. Rxg4 Qxf3 10. Rxg7 Nf8 11. Rg1 Bxh2 12. Be2 Qh3 13. Rf1 Rg8 14. Bd2 Rg1
15. O-O-O Rxf1 16. Bxf1 Qf3 17. e4 Qxf2 18. exd5 Qxd4 19. dxc6 bxc6 20. Bg5
Bf4+ 21. Kb1 Qxd1+ 22. Qxd1 Bxg5 23. Bg2 Bd7 24. Nb5 Bd8 25. Nd6+ Ke7 26. c5
Bc7 27. Qd2 Bxd6 28. cxd6+ Kf6 29. Bxc6 Rc8 30. Qf4+ Kg6 31. Qg4+ Kf6 32. Qh4+
Ke5 33. Bxd7 1-0

[Event "Madrid ch 2009 - Semifinal A"]
[Site "Madrid ESP"]
[Date "2009.01.28"]
[Round "9.9"]
[White "Perez Cameselle, Francisco Jose"]
[Black "Pardo Robles, Jose Manuel"]
[Result "1/2-1/2"]
[WhiteElo "1996"]
[BlackElo "1946"]
[PlyCount "94"]
[EventDate "2009.01.12"]
[EventType "swiss"]
[EventRounds "9"]
[EventCountry "ESP"]
[Source "lmi"]
[SourceDate "2009.01.12"]

1. Nf3 Nf6 2. g3 g6 3. Bg2 Bg7 4. O-O O-O 5. d3 d5 6. Nbd2 c6 7. e4 dxe4 8.
dxe4 Nbd7 9. Qe2 e5 10. Nc4 Qc7 11. a4 b5 12. axb5 cxb5 13. Na3 b4 14. Nc4 a5
15. Rd1 Ba6 16. Nfd2 Nb6 17. Bf1 Rfd8 18. b3 Nxc4 19. bxc4 Bh6 20. f3 Rd4 21.
Bb2 Rxd2 22. Rxd2 Bxd2 23. Qxd2 Bxc4 24. Bxc4 Qxc4 25. Rxa5 Rxa5 26. Qd8+ Kg7
27. Qxa5 Nd7 28. Bxe5+ f6 29. Qc7 Qxc7 30. Bxc7 Nc5 31. Kf2 b3 32. cxb3 Nxb3
33. Ke3 Nc5 34. f4 Kf7 35. f5 Ke7 36. Kd4 Nb3+ 37. Kd5 Nd2 38. fxg6 hxg6 39. h4
Nf1 40. Bf4 Kf7 41. g4 g5 42. hxg5 fxg5 43. Bxg5 Nh2 44. e5 Nxg4 45. e6+ Ke8
46. Ke4 Nf2+ 47. Kf5 Nd3 1/2-1/2

[Event "Madrid ch 2009 - Semifinal A"]
[Site "Madrid ESP"]
[Date "2009.01.28"]
[Round "9.10"]
[White "Montero Garcia, Francisco Javier"]
[Black "Ruiz Quevedo, Andres"]
[Result "0-1"]
[WhiteElo "1906"]
[BlackElo "1889"]
[PlyCount "62"]
[EventDate "2009.01.12"]
[EventType "swiss"]
[EventRounds "9"]
[EventCountry "ESP"]
[Source "lmi"]
[SourceDate "2009.01.12"]

1. e4 c5 2. Nf3 d6 3. d4 cxd4 4. Nxd4 Nf6 5. Nc3 a6 6. Bg5 e6 7. f4 Bd7 8. e5
dxe5 9. fxe5 Qa5 10. Qe2 Nc6 11. Nxc6 Bxc6 12. Bd2 Nd7 13. O-O-O Qxe5 14. Qg4
Nf6 15. Qh4 Be7 16. Bf4 Qc5 17. Qh3 Qb4 18. Bd2 Qg4 19. Qe3 Nd5 20. Qf2 Bg5 21.
Be2 Bxd2+ 22. Rxd2 Qf4 23. Bf3 O-O 24. g3 Qf5 25. g4 Qf4 26. Ne4 Nb4 27. a3
Nxc2 28. Qg2 Nd4 29. Rf1 Nb3+ 30. Kb1 Bxe4+ 31. Bxe4 Nxd2+ 0-1

[Event "Madrid ch 2009 - Semifinal A"]
[Site "Madrid ESP"]
[Date "2009.01.28"]
[Round "9.11"]
[White "Cano Mercado, Francisco Manuel"]
[Black "Fernandez Aransay, Fernando"]
[Result "1-0"]
[WhiteElo "1907"]
[BlackElo "1956"]
[PlyCount "39"]
[EventDate "2009.01.12"]
[EventType "swiss"]
[EventRounds "9"]
[EventCountry "ESP"]
[Source "lmi"]
[SourceDate "2009.01.12"]

1. d4 Nf6 2. Bg5 e6 3. e4 h6 4. Bxf6 Qxf6 5. Nf3 c5 6. e5 Qf4 7. c3 cxd4 8.
cxd4 Bb4+ 9. Nc3 O-O 10. Be2 Nc6 11. O-O d6 12. Qc1 dxe5 13. dxe5 Qf5 14. Qe3
b6 15. Bd3 Qg4 16. h3 Qh5 17. Qe4 Qf5 18. Qxc6 Qxd3 19. Qxa8 Ba6 20. Qxa7 1-0

[Event "Madrid ch 2009 - Semifinal A"]
[Site "Madrid ESP"]
[Date "2009.01.28"]
[Round "9.12"]
[White "Garcia Gonzalez, Pedro A"]
[Black "Garcia Esteban, Juan Ignacio"]
[Result "0-1"]
[WhiteElo "1927"]
[BlackElo "2071"]
[PlyCount "152"]
[EventDate "2009.01.12"]
[EventType "swiss"]
[EventRounds "9"]
[EventCountry "ESP"]
[Source "lmi"]
[SourceDate "2009.01.12"]

1. d4 Nf6 2. Nf3 d5 3. e3 c6 4. Bd3 g6 5. b3 Bg7 6. Bb2 O-O 7. O-O Nbd7 8. Nbd2
Qc7 9. Ne5 Nxe5 10. dxe5 Ng4 11. Nf3 Nxe5 12. Nxe5 Bxe5 13. Bxe5 Qxe5 14. Qd2
Qf6 15. c3 e5 16. Qb2 e4 17. Be2 Qg5 18. Rfd1 Be6 19. b4 b5 20. Bf1 f5 21. a4
a6 22. Qd2 Qf6 23. Qd4 Qxd4 24. Rxd4 Kg7 25. g3 Kf6 26. f4 exf3 27. Kf2 g5 28.
Kxf3 Ke5 29. Be2 Bf7 30. Bf1 Bh5+ 31. Kg2 Bg6 32. Kf3 Bh5+ 33. Kg2 Rfe8 34. Kf2
h6 35. Ra2 Rf8 36. Ra1 Rac8 37. axb5 axb5 38. Ra6 Rc7 39. Bg2 f4 40. exf4+ gxf4
41. gxf4+ Rxf4+ 42. Rxf4 Kxf4 43. Rb6 Bg4 44. Ra6 Bf5 45. Rb6 h5 46. Ra6 h4 47.
Rb6 Bg4 48. Ra6 Bf5 49. Rb6 Be4 50. Bf1 Ke5 51. Ke3 Rf7 52. Be2 Rf6 53. Rb8 Bf5
54. Rh8 h3 55. Bf1 Be4 56. Bxh3 Rf3+ 57. Kd2 Rd3+ 58. Ke2 Rxc3 59. Bd7 Rc2+ 60.
Kd1 Rc3 61. h4 d4 62. h5 Kf4 63. h6 Rg3 64. h7 Ke3 65. Kc1 Rg1+ 66. Kb2 Rg2+
67. Ka1 Rg1+ 68. Kb2 Rb1+ 69. Ka2 Rh1 70. Re8 Rxh7 71. Bxc6 Rh4 72. Bxb5 Kd2
73. Ba4 Kc3 74. b5 Bd5+ 75. Ka3 Rh1 76. Rc8+ Bc4 0-1